La hoja roja / (Registro nro. 32506)
[ vista simple ]
| 000 -CABECERA | |
|---|---|
| campo fijo de control de longitud | 00700cam a2200229 4500 |
| 001 - NÚMERO DE CONTROL | |
| campo de control | 32506 |
| 003 - IDENTIFICADOR DEL NÚMERO DE CONTROL | |
| campo de control | AR-RoBPED |
| 005 - FECHA Y HORADE LA ULTIMA TRANSACCION | |
| campo de control | 20260407084132.0 |
| 008 - ELEMENTOS DE LONGITUD FIJA--INFORMACION GENERAL | |
| campo fijo de control de longitud | 260406s1970 sp ||||| |||| 00| f spa d |
| 040 ## - FUENTE CATALOGADORA | |
| Centro catalogador/agencia de origen | AR-RoBPED |
| 041 ## - IDIOMA | |
| Código de idioma para texto/pista de sonido o título independiente | spa |
| 100 1# - ENCABEZAMIENTO PRINCIPAL--AUTOR PERSONAL | |
| Nombre de persona | Delibes, Miguel |
| Fechas nac-muerte | 1920-2010 |
| 9 (RLIN) | 20418 |
| 245 13 - TITULO | |
| Título | La hoja roja / |
| Mención de responsabilidad | Miguel Delibes ; prólogo de Francisco Umbral. |
| 260 ## - PUBLICACION | |
| Lugar | Navarra : |
| Editor | Salvat, |
| Fecha | 1970. |
| 300 ## - DESCRIPCION FISICA | |
| Extensión | 189 p. |
| 490 0# - SERIE | |
| Mención de serie | (Básica Salvat ; |
| Designación de volumen o secuencia | 4) |
| 650 17 - TERMINO DE MATERIA--CONTROLADO | |
| Término controlado | LITERATURA ESPAÑOLA |
| 9 (RLIN) | 687 |
| Término controlado | NOVELAS |
| 9 (RLIN) | 25 |
| 700 1# - ENCABEZAMIENTO SECUNDARIO--AUTOR PERSONAL | |
| Nombre de persona | Umbral, Francisco |
| Fecha de nac-muerte | 1932-2007 |
| 9 (RLIN) | 24210 |
| Títulos | pról. |
| 942 ## - ELEMENTOS KOHA | |
| Fuente de clasificación | Universal Decimal Classification |
| Número Koha | k. 32506 |
| Koha tipo de ítem | Libro |
| Clasificación | 860-31 |
| Signatura librística | D 35 h |
| Inventario | Inv. 42364 |
| 945 ## - PROCESAMIENTO DE LA INFORMACIÓN LOCAL | |
| Catalogador y fecha | sa 06/04/2026 mev 07/04/2026 |
| Estado retirado | Estado perdido | Fuente de clasificación | Estado dañado | No se presta | Biblioteca propietaria | Biblioteca de reserva | Fecha de adquisición | Procedencia | Total de préstamos | Signatura topográfica completa | Código de barras (nº de inventario) | Fecha visto por última vez | Catalogador y fecha | Tipo de ítem Koha | Nota pública |
|---|---|---|---|---|---|---|---|---|---|---|---|---|---|---|---|
| Universal Decimal Classification | Biblioteca Pedagógica Eudoro Díaz | Biblioteca Pedagógica Eudoro Díaz | 06/04/2026 | Donación | 860-31 D 35 h | 42364 | 06/04/2026 | sa 06/0/2026 | Libro | Se presta 15 días. |